Ο Αντίχριστος : μια απόπειρα κριτικής του Χριστιανισμού
Αποθηκεύτηκε σε:
| Κύριος συγγραφέας: | |
|---|---|
| Μορφή: | Βιβλίο |
| Γλώσσα: | Greek German |
| Δημοσίευση: |
Θεσσαλονίκη :
Εκδοτική Θεσσαλονίκης,
[μεταξύ 1960 και 1980]
|
| Θέματα: | |
| Ετικέτες: |
Προσθήκη ετικέτας
Δεν υπάρχουν, Καταχωρήστε ετικέτα πρώτοι!
|
MARC
| LEADER | 00000nam a2200000 a 4500 | ||
|---|---|---|---|
| 001 | 1/126377 | ||
| 008 | 230327q19601980gr | ||| |||| ||gre|| | ||
| 020 | |a 9607318161 | ||
| 040 | |a GR-MyUa |b gre |c GR-MyUa |e AACR2 | ||
| 041 | 1 | |a gre |h ger | |
| 082 | 7 | |a 230 |2 (23) | |
| 100 | 1 | |a Nietzsche, Friedrich Wilhelm, |d 1844-1900. | |
| 245 | 1 | 2 | |a Ο Αντίχριστος : |b μια απόπειρα κριτικής του Χριστιανισμού / |c Φρειδερίκος Νίτσε ; μετάφραση: Ζήσης Σαρίκας. |
| 260 | |a Θεσσαλονίκη : |b Εκδοτική Θεσσαλονίκης, |c [μεταξύ 1960 και 1980] | ||
| 300 | |a 86 σ. ; |c 21 εκ. | ||
| 650 | 0 | |a Christianity |x Controversial literature. | |
| 970 | |a Κοντού |b Παρασκευή |z 27/03/2023 | ||